La inquisición en hispanoamérica
Enregistré dans:
| Auteur principal: | |
|---|---|
| Format: | Livre |
| Langue: | espagnol |
| Publié: |
Ciudad de México
Tradición
1997
|
| Sujets: | |
| Tags: |
Ajouter un tag
Pas de tags, Soyez le premier à ajouter un tag!
|
MARC
| LEADER | 00000nam a2200000 a 4500 | ||
|---|---|---|---|
| 001 | UCM5029 | ||
| 003 | CL-VaPUC | ||
| 008 | 020927e19970000MX |||||||||||||||||spa|d | ||
| 082 | 0 | 4 | |a 272.2 |b ABA |2 21 |
| 100 | 0 | |a Abascal, Salvador |e author |9 471315 | |
| 245 | 1 | 3 | |a La inquisición en hispanoamérica |
| 300 | |a 380 p | ||
| 942 | |c BK | ||
| 945 | |d 20020927 00:00:00 |a cmena | ||
| 260 | |a Ciudad de México |b Tradición |c 1997 | ||
| 650 | 7 | |a PERSECUCIONES RELIGIOSAS |2 CL-VaPUC |9 471316 | |
| 650 | 0 | |a Inquisición española |9 313621 | |
| 650 | 7 | |a EVANGELIZACION |2 CL-VaPUC |9 471317 | |
| 583 | |a last modification |c 20020927 00:00:00 |k Rodrigo Vera | ||
| 999 | |c 301331 |d 301329 | ||
| 952 | |0 0 |1 0 |4 0 |6 272_200000000000000_ABA_1997 |7 0 |8 A |9 360180 |a BIBEDU |b BIBEDU |d 2019-11-21 |i 3834832 |o 272.2 ABA 1997 |p 3834832 |r 2019-11-21 |w 2019-11-21 |y BK |k FIL | ||